| Tag |
First Indicator |
Second Indicator |
Subfields |
| LEADER |
00000cam a2200000 i 4500 |
| 001 |
in00000312821 |
| 005 |
20151010152715.0 |
| 008 |
781020r19761712enk b 00110 eng |
| 010 |
|
|
|a 78321379
|
| 015 |
|
|
|a GB***
|
| 020 |
|
|
|a 0198127197 :
|c 15.00
|
| 035 |
|
|
|a (OCoLC)02538605
|
| 035 |
|
|
|9 ABJ0845AM
|
| 040 |
|
|
|a DLC
|c DLC
|d TXA
|d UtOrBLW
|
| 043 |
|
|
|a e-uk---
|
| 049 |
|
|
|a TXAM
|c [1419068]
|
| 050 |
0 |
0 |
|a DA496 1712
|b .A72 1976
|
| 082 |
0 |
|
|a 320.9/41/069
|
| 100 |
1 |
|
|a Arbuthnot, John,
|d 1667-1735.
|
| 240 |
1 |
0 |
|a Law is a bottomless-pit
|
| 245 |
1 |
4 |
|a The history of John Bull /
|c John Arbuthnot ; edited by Alan W. Bower and Robert A. Erickson.
|
| 264 |
|
1 |
|a Oxford :
|b Clarendon Press,
|c 1976.
|
| 300 |
|
|
|a ciii, 332 pages ;
|c 23 cm.
|
| 336 |
|
|
|a text
|b txt
|2 rdacontent
|
| 337 |
|
|
|a unmediated
|b n
|2 rdamedia
|
| 338 |
|
|
|a volume
|b nc
|2 rdacarrier
|
| 500 |
|
|
|a Reissue of the John Bull pamphlets from the first editions of 1712.
|
| 500 |
|
|
|a Includes index.
|
| 500 |
|
|
|a Contains the five pamphlets with their original title pages: [1] Law is a bottomless-pit.--[2] John Bull in his senses.--[3] John Bull still in his senses.--[4] An appendix to John Bull still in his senses.--[5] Lewis Baboon turned honest, and John Bull politician. Pamphlets [2]-[5] also carry alternative title: Law is a bottomless-pit.
|
| 504 |
|
|
|a Bibliography: pages [287]-318.
|
| 651 |
|
0 |
|a Great Britain
|x Politics and government
|y 1702-1714
|x Anecdotes.
|
| 999 |
|
|
|a MARS
|
| 999 |
f |
f |
|s 24d59446-5c7e-3785-a51a-bc14278bad66
|i 564bf4d1-ef15-3af0-82f5-6a76df01d101
|t 0
|
| 952 |
f |
f |
|p ric
|a Texas A&M University
|b Rellis Campus
|c Joint Library Facility
|d Remote Storage
|t 0
|e DA496 1712 .A72 1976
|h Library of Congress classification
|i unmediated -- volume
|m A14801926905
|
| 998 |
f |
f |
|a DA496 1712 .A72 1976
|t 0
|l Remote Storage
|